000 nam a22 7a 4500
999 _c3234
_d3234
005 20170522092338.0
008 170522b1986 ny ||||| |||| 00| 0 eng d
020 _a0471817031 :
_c$26.95 (est.)
040 _aAKMAL
082 _a658.314 STA
090 _a658.314
_bSTA
100 1 _aStankard, Martin F.
_96635
245 1 0 _aProductivity by choice :
_b the 20-to-1 principle /
_cMartin F. Stankard.
260 _aNew York :
_bWiley,
_cc1986
300 _axiv, 338 p. :
_b ill. ;
_c 24 cm
500 _a"A Wiley-Interscience publication."
504 _aIncludes bibliographies and index.
650 0 _aService industries
_xManagement
_96562
650 0 _aIndustrial productivity.
_96631
942 _2ddc
_cBOOK